Debates, differences, and divisions : the 25 issues that shape American politics (Record no. 28940)

MARC details
000 -LEADER
fixed length control field 00537nam a2200181Ia 4500
020 ## - INTERNATIONAL STANDARD BOOK NUMBER
ISBN 9780205617647
050 ## - CALL MARK
Classification number JK 468 .P64 .K78/
100 ## - STATEMENT OF RESPONSIBILITY--MAIN AUTHOR NAME
Personal name Kryzanek, Michael J.
245 #0 - TITLE STATEMENT
Title Debates, differences, and divisions : the 25 issues that shape American politics
260 ## - PUBLICATION, DISTRIBUTION, ETC. (IMPRINT)
Place of publication Boston
260 ## - PUBLICATION, DISTRIBUTION, ETC. (IMPRINT)
Name of publisher Longman
260 ## - PUBLICATION, DISTRIBUTION, ETC. (IMPRINT)
Year of publication 2011
300 ## - PHYSICAL DESCRIPTION
Number of Pages 374 p
650 ## - SUBJECT ADDED ENTRY--TOPICAL TERM
Topical Term Political planning--United States. United States--Politics and government.
942 ## - ADDED ENTRY ELEMENTS (KOHA)
Koha item type Books
Holdings
Withdrawn status Lost status Source of classification or shelving scheme Damaged status Not for loan Permanent Location Current Location Date acquired Accession Number Price effective from Koha item type
    Library of Congress Classification     NILE UNIVERSITY OF NIGERIA - MAIN LIBRARY NILE UNIVERSITY OF NIGERIA - MAIN LIBRARY 04/23/2025 0011598 04/23/2025 Books